000 00807nam a2200241Ia 4500
003 OSt
005 20220926014956.0
006 a|||||r|||| 00| 0
007 ta
008 220923b |||||||| |||| 00| 0 eng d
037 _cGeneral Book
040 _aRTL
_cRTL
_beng
041 _2eng
_aeng
082 _aX622,73.N5, H0
100 _aSaulnier Raymond J
_9321382
245 0 _aIndustrial banking companies and their redit pract
260 _aNew York
_bNational Bureau of Economic Research U S A
_c1940
300 _axxi, 192p.
_ccm.
490 _aNational bureau of economic research financial research program studies in consumer instalment financing.4
650 _aFederal Reserve Banks
942 _hX622,73.N5, H0
_cGB
_2CC
999 _c630270
_d630270